Giáo trình vẽ kỹ thuật với autocad 2009

Nội dung cuốn sách chủ yếu đề cập đến việc khai thác phần mềm AutoCAD Release 2009 để xây dựng hoàn chỉnh một bản vẽ cơ khí, đồng thời giới thiệu các lệnh tương đương của AutoCAD Release để bạn đọc có thể sử dụng linh hoạt hơn tuỳ theo...

Полное описание

Сохранить в:
Библиографические подробности
Главный автор: Nguyễn Hồng Sơn
Другие авторы: Chu Anh Tuấn
Формат:
Язык:Vietnamese
Опубликовано: H. Giáo dục 2012
Предметы:
Метки: Добавить метку
1 1
Thư viện lưu trữ: Thư viện Trường Đại học Nam Cần Thơ
LEADER 01190nam a22002057a 4500
001 NCT_27707
008 180224b xxu||||| |||| 00| 0 vie d
999 |c 1327  |d 1327 
020 |c 28000 
082 0 4 |2 23rd ed.  |a 006.68  |b S464 
100 1 |a Nguyễn Hồng Sơn 
245 1 |a Giáo trình vẽ kỹ thuật với autocad 2009  |c Nguyễn Hồng Sơn, Chu Anh Tuấn 
260 |a H.  |b Giáo dục  |c 2012 
300 |a 147 trt.  |b Minh họa  |c 24cm 
520 |a Nội dung cuốn sách chủ yếu đề cập đến việc khai thác phần mềm AutoCAD Release 2009 để xây dựng hoàn chỉnh một bản vẽ cơ khí, đồng thời giới thiệu các lệnh tương đương của AutoCAD Release để bạn đọc có thể sử dụng linh hoạt hơn tuỳ theo điều kiện cụ thể. 
653 |a Công nghệ kỹ thuật ô tô 
700 1 |a Chu Anh Tuấn 
942 |2 ddc  |c BK 
952 |0 0  |1 0  |2 ddc  |4 0  |6 006_680000000000000_S464  |7 0  |9 6653  |a 000001  |b 000001  |d 2018-02-24  |o 006.68 S464  |p MD.09977  |r 2018-02-24  |v 28000.00  |w 2018-02-24  |y BK 
980 |a Thư viện Trường Đại học Nam Cần Thơ